<?xml version="1.0" encoding="UTF-8"?>
<record
    xmlns:xsi="http://www.w3.org/2001/XMLSchema-instance"
    xsi:schemaLocation="http://www.loc.gov/MARC21/slim http://www.loc.gov/standards/marcxml/schema/MARC21slim.xsd"
    xmlns="http://www.loc.gov/MARC21/slim">

  <leader>01262nam a22001817a 4500</leader>
  <controlfield tag="008">160608b        xxu||||| |||| 00| 0 eng d</controlfield>
  <datafield tag="082" ind1=" " ind2=" ">
    <subfield code="a">706</subfield>
    <subfield code="b">G216p</subfield>
  </datafield>
  <datafield tag="100" ind1=" " ind2=" ">
    <subfield code="a">Fernando Jos&#xE9; Garc&#xED;a Barros</subfield>
    <subfield code="9">5197</subfield>
  </datafield>
  <datafield tag="245" ind1=" " ind2=" ">
    <subfield code="a">Proyecto mARTadero, vivero de las artes</subfield>
    <subfield code="b"> un espacio ejemplar de gesti&#xF3;n cultural</subfield>
    <subfield code="c">Fernando Jos&#xE9; Garc&#xED;a Barros</subfield>
  </datafield>
  <datafield tag="260" ind1=" " ind2=" ">
    <subfield code="a">Cochabamba </subfield>
    <subfield code="b">FAUTAPO</subfield>
    <subfield code="c">2009.</subfield>
  </datafield>
  <datafield tag="300" ind1=" " ind2=" ">
    <subfield code="a">119 pag</subfield>
    <subfield code="b"> ill. col</subfield>
    <subfield code="c">22 cm</subfield>
  </datafield>
  <datafield tag="505" ind1=" " ind2=" ">
    <subfield code="t">A modo de introducci&#xF3;n: Creando espacios para la cultura y el desarrollo. </subfield>
    <subfield code="t">Primera Parte : El pasado </subfield>
    <subfield code="t">Un lugar lleno de memorias</subfield>
    <subfield code="t">Pragm&#xE1;ticos, ecl&#xE9;cticos y acad&#xE9;micos: el sue&#xF1;o del progreso en el primer tercio del siglo. </subfield>
    <subfield code="t">Miguel Tapias, Miguel Tapias, constructor del progreso</subfield>
    <subfield code="t">El nuevo matadero municipal</subfield>
    <subfield code="t">Segunda Parte: El presente </subfield>
    <subfield code="t">El II Conart 2004 como detonante</subfield>
    <subfield code="t">La apropiaci&#xF3;n  social del patrimonio </subfield>
    <subfield code="t">Espacios para el encuentro</subfield>
    <subfield code="t">Tercera parte: El futuro </subfield>
    <subfield code="t">Un proyecto para la corresponsabilidad </subfield>
    <subfield code="t">Co-incidencias: redes, nexos y articulaciones </subfield>
    <subfield code="t">Estrategias de futuro </subfield>
    <subfield code="t">Cronolog&#xED;a </subfield>
    <subfield code="t">Anexos: La yapa...</subfield>
  </datafield>
  <datafield tag="653" ind1=" " ind2=" ">
    <subfield code="a">Arte Boliviano </subfield>
  </datafield>
  <datafield tag="653" ind1=" " ind2=" ">
    <subfield code="a">Propiedad Cultural-Bolivia</subfield>
  </datafield>
  <datafield tag="653" ind1=" " ind2=" ">
    <subfield code="a">Patrimonio intangible - Bolivia</subfield>
  </datafield>
  <datafield tag="653" ind1=" " ind2=" ">
    <subfield code="a">Arte-Facilidades-Bolivia-Cochabamba</subfield>
  </datafield>
  <datafield tag="700" ind1=" " ind2=" ">
    <subfield code="a">Fernando Jos&#xE9; Garc&#xED;a Barros</subfield>
    <subfield code="9">5198</subfield>
  </datafield>
  <datafield tag="999" ind1=" " ind2=" ">
    <subfield code="c">952</subfield>
    <subfield code="d">952</subfield>
  </datafield>
  <datafield tag="952" ind1=" " ind2=" ">
    <subfield code="0">0</subfield>
    <subfield code="1">0</subfield>
    <subfield code="2">ddc</subfield>
    <subfield code="4">0</subfield>
    <subfield code="7">0</subfield>
    <subfield code="a">LV</subfield>
    <subfield code="b">LV</subfield>
    <subfield code="c">Colectivas</subfield>
    <subfield code="d">2016-06-08</subfield>
    <subfield code="l">0</subfield>
    <subfield code="o">706 G216p</subfield>
    <subfield code="p">004071</subfield>
    <subfield code="r">2016-06-08 00:00:00</subfield>
    <subfield code="w">2016-06-08</subfield>
    <subfield code="y">01</subfield>
  </datafield>
</record>
